000 00647nam a22002171 4500
999 _c47345
_d47345
001 3584131
003 ARRUPE
005 20190724103404.0
008 790416s1960 nyua b 000 0 eng
010 _a 59010180
040 _aDLC
_cDLC
_dDLC
050 0 0 _aHM141
_b.B35 1960
082 0 0 _a301.155
100 1 _aBass, Bernard M.
_947527
245 0 0 _aLeadership, psychology, and organizational behavior.
260 _aNew York,
_bHarper
_c[c1960]
300 _a548 p.
_billus.
_c22 cm.
504 _aIncludes bibliography.
650 0 _aLeadership.
_96573
906 _a7
_bcbc
_corignew
_du
_eocip
_f19
_gy-gencatlg
942 _2lcc
_cMONOGRAPH